00837nam a2200241Ia 4500001000600000003000900006008004100015040001300056040001300069041001300082100002300095100002900118245008500147245006800232250001100300260000900311260003400320260004900354300005700403500007200460650003200532650003100564A4087IT-RoPAU130308s9999 xx 000 0 und d aIT-RoPAU cIT-RoPAU aITALIANO aGarito Maria Amata gCodice Aut. SPICS: 34794 aProgramma di ricerca delta della comunità€ europea (Il): riferimento all'Italia bMultimedialita'-Convegno internazionale di Studi (Ferrara 1989) a1a ed. aROMA bPresidenza Consiglio Ministri c1989 [1° Ed.:1989 - Ed.Ling.Originale:1989] a"8 p. (prefazione: no ; testo: 8 [pagine: 147-154])" aStruttura del Programma. Argomenti di Ricerca. Situazione Italiana. aSAGGI SULLA MULTIMEDIALITA' eCodice materia Spics: 4257